000 00930nam0a2200289 4500
001 RU\NLR\BIBL_A\012640119
005 20250624100105.0
010 _9500
035 _a(NLR Aleph) 012640119
090 _a13305953
_c13305953
100 _a20211110d1934 |||y0rusy50 ca
101 0 _achv
102 _aRU
105 _aa z 000 y
181 0 _ai
_baxxe
182 0 _an
200 1 _aОтпойлă мăлатуксем
_fБ. А. Коптев
203 _aТекст
_bвизуальный
_cнепосредственный
210 _aМ.
_cСССР йывăр промышлěннăç халăх Комиссариачěн изд-ви
_d1934
215 _a60,[3] c.
_cил.
_d20
541 1 _aОтбойные молотки
_zrus
686 1 _aИ 31
700 1 _aКоптев
_bБ.А.
_gБорис Александрович
_4070
852 _aNLR
_bОНЛ
_jЧув./2-2093
942 _cBOOK
980 _aNB